Normal view
MARC view
Entry Personal Name
001 - CONTROL NUMBER
- control field: 81142
003 - CONTROL NUMBER IDENTIFIER
- control field: dpl
005 - DATE AND TIME OF LATEST TRANSACTION
- control field: 20250509105350.0
008 - FIXED-LENGTH DATA ELEMENTS
- fixed length control field: 250509|| aca||aabn | a|a d
040 ## - CATALOGING SOURCE
- Original cataloging agency: dpl
- Transcribing agency: dpl
100 ## - HEADING--PERSONAL NAME
- Personal name: Asthana, Nc
670 ## - SOURCE DATA FOUND
- Source citation: Work cat.: (dpl)211244: Asthana, Nc, Ultimate Handbook of Urban Warfare/, 2012
